00504nam a2200145Ia 4500008004100000020001800041082001500059100003400074245005900108260004700167300001200214942000700226999001900233952010600252191014s9999 xx 000 0 und d a981-02-3361-2 a539.7bALE aAlessandro G. Ruggiero920558 0aHadron Colliders at the Highest Energy and Luminosity  aSingaporebWorld Scientific Company c1998 aVii,298 cBK c531151d531151 00104070aSNSbSNSd2019-10-15eDonationg0.00l0o539.7ALEpSNS0002928r2022-12-14w2019-10-15yBK